03687cam a2200301 a 450000100090000000300040000900500170001300800410003001000170007102000190008803500200010704000220012704200080014905000180015706000110017508200190018624500860020524600320029125000120032326000450033530000420038050001720042250400510059450526380064565000450328370000240332873000330335217296447OSt20240823121318.0120510s2013 mouab b 001 0 eng  a 2012019193 a9780323075862  a(DNLM)101583928 aDNLM/DLCcLCdDLC apcc00aRC350.P48.N4810aWL 14000a616.8/046222300aUmphred's neurological rehabilitation. /c[edited by] Darcy Umphred ... [et al.].1 aNeurological rehabilitation a6th ed. aSt. Louis, Mo. :bElsevier/Mosby,c2013. axvii, 1262 p. :bill., maps ;c29 cm. aRev. ed. of: Neurological rehabilitation / [edited by] Darcy A. Umphred ; with section editors, Gordon U. Burton, Rolando T. Lazaro, Margaret L. Roller. 5th ed. c2007. aIncludes bibliographical references and index. aContents: Foundations for clinical practice in neurological rehabilitation: Foundations for clinical practice -- Health and wellness: the beginning of the paradigm -- Movement analysis across the life span -- Contemporary issues and theories of motor control, motor learning and neuroplasticity -- The Limbic system: influence over motor control and learning --Psychosocial aspects of adaptation and adjustment during various phases of neurological disability -- Differential diagnosis phase 1: medical screening by the therapist -- Differential diagnosis phase 2: examination and evaluation of functional movement activities, body functions and structures and participation -- Interventions for clients with movement limitations -- Payment systems for services: documentation through the care continuum -- Rehabilitation management of clients with neurological system pathology: Neonates and parents: neurodevelopmental perspectives in the neonatal intensive care unit and follow-up -- Management of clinical problems of children with cerebral palsy -- Genetic disorders: a pediatric perspective -- Learning disabilitites and developmental coordination disorder -- Spina Bifida: a congenital spinal cord injury -- Traumatic spinal cord injury -- Neuromuscular diseases -- Beyond the central nervous system: neurovascular entrapment syndromes -- Multiple sclerosis -- Basal ganglia disorders -- Movement dysfunction associated with cerebellar damage -- Balance and vestibular dysfunction -- Movement dysfunction associated with hemiplegia -- Traumatic brain injury -- Brain tumors -- Inflammatory and infectious disorders of the brain -- Aging, dementia and disorders of cognition -- Neurological disorders and applications issues: disorders of vision and visual-perceptual dysfunction -- Pelvic floor treatment of incontinence and other urinary dysfunctions in men and women -- Cardiovascular and pulmonary system health in populations with neurological disorders -- Human immunodeficiency virus infection: living with a chronic illness -- Pain management -- Electrophysiological testing and electrical stimulation in neurological rehabilitation -- Orthotics: evaluation, intervention and prescription -- Management of chronic impairments in individuals with nervous system conditions -- Impact of drug therapy on patients receiving neurological rehabilitation -- Use of medical imaging in neurorehabilitation -- Integrating technology into clinical practice in neurological rehabilitation -- Complementary and alternative therapies: beyond traditional approaches to intervention in neurological diseases and movement disorders -- 12aNervous System Diseasesxrehabilitation.1 aUmphred, Darcy Ann.0 aNeurological rehabilitation.